Language Quiz

Random Language or Letter Quiz

23 Ways Not to Say 'Mile' Quiz Stats

 Plays Quiz Updated Dec 10, 2013

Challenge
Share
Tweet
Embed
Score 0/23 Timer 01:30
3 Plays Today
Category Answer % Correct
Change the IMALE
91.6%
Change the IMOLE
90.6%
Change the MBILE
88.6%
Change the MTILE
88%
Change the IMULE
87.8%
Change the MPILE
85.4%
Change the MFILE
85.1%
Change the MRILE
78.2%
Change the LMINE
75.9%
Change the LMITE
74.6%
Change the MWILE
71.3%
Change the LMIRE
68.1%
Category Answer % Correct
Change the LMICE
64.7%
Change the EMILK
63.9%
Change the LMIKE
63.6%
Change the MVILE
62.7%
Change the EMILT
59.2%
Change the LMISE
58.2%
Change the EMILD
56.9%
Change the LMIME
52.3%
Change the EMILS
49.6%
Change the EMILL
49.5%
Change the EMILO
48.7%

You're not logged in!

Compare scores with friends on all Sporcle quizzes.
OR
Log In

You Might Also Like...

Show Comments

Extras

Top Quizzes Today


Score Distribution

Your Account Isn't Verified!

In order to create a playlist on Sporcle, you need to verify the email address you used during registration. Go to your Sporcle Settings to finish the process.

Report this User

Report this user for behavior that violates our Community Guidelines.

Details: